000 00327nam a2200133Ia 4500
008 191201s2000 xx 000 0 und d
100 _aPRAKASH, K
245 0 _aHeritage Traditional Border Collection
250 _a1st
260 _aN.Delhi
_bThe Design Point
_c2000
300 _a168
650 _aB.Tech(TE)
942 _2ddc
_cBK
999 _c2585
_d2585